| 000 | 00637nam a2200217 i 4500 | ||
|---|---|---|---|
| 001 | bg | ||
| 100 | 1 | _aGOETZENDORF-GRABOWSKI, Tomasz | |
| 245 | 0 |
_aProgramowanie grafiki w języku Clipper 87 i 5.0 (5.01) / _cTomasz Goetzendorf-Grabowski, Robert Kozłowski. |
|
| 260 |
_aWarszawa : _bLynx-SFT, _c1993. |
||
| 300 |
_a152 s. : _brys. ; _c24 cm + _edyskietka. |
||
| 650 | 9 | _aClipper | |
| 655 | _aPodręczniki | ||
| 700 | 1 | _aKOZŁOWSKI, Robert | |
| 020 | _a8385455205 | ||
| 040 | _cBPK | ||
| 041 | _apol | ||
| 080 | _a519.682:741/744:681.322.06 | ||
| 920 | _a83-85455-20-5 | ||
| 942 | _cKS | ||
| 008 | s pl f |000 0 pol | ||
| 999 |
_c5698 _d5698 |
||
| 856 |
_uhttp://koha.tu.koszalin.pl/cgi-bin/koha/opac-detail.pl?biblionumber=5698 _yKatalog online BPK |
||